LEADER 01929nam 2200397 a 450 001 9910145902203321 005 20230828222455.0 010 $a88-491-1719-1 035 $a(CKB)1000000000279341 035 $a(MH)008993077-0 035 $a(EXLCZ)991000000000279341 100 $a20020415d2001 uy 0 101 0 $aita 200 12$aL'educazione femminile dal privato al pubblico $ela partecipazione delle donne ai Circoli costituzionali giacobini : 1796- 1799 : quattro saggi con le fonti /$fRoberto Bonini$b[electronic resource] 210 $aBologna $cCLUEB$dc2001 215 $a1 online resource (79 p. ) 300 $aContains articles by other authors. 320 $aIncludes bibliographical references and index. 517 $aEducazione femminile dal privato al pubblico 517 $aL'educazione femminile dal privato al pubblico : la partecipazione delle donne ai Circoli costituzionali giacobini : 1796- 1799 : quattro saggi con le fonti 517 $aL'educazione femminile dal privato al pubblico 606 $aWomen$xEducation$zItaly$xHistory$y18th century$xSources 606 $aWomen$xLegal status, laws, etc$zItaly$xHistory$y18th century$xSources 606 $aJacobins$zItaly$xHistory$xSources 607 $aItaly$xPolitics and government$y1789-1870$xSources 615 0$aWomen$xEducation$xHistory$xSources. 615 0$aWomen$xLegal status, laws, etc.$xHistory$xSources. 615 0$aJacobins$xHistory$xSources. 700 $aBonini$b Roberto$0187717 801 0$bDLC 801 1$bDLC 906 $aBOOK 912 $a9910145902203321 996 $aL'educazione femminile dal privato al pubblico$92427007 997 $aUNINA 999 $aThis Record contains information from the Harvard Library Bibliographic Dataset, which is provided by the Harvard Library under its Bibliographic Dataset Use Terms and includes data made available by, among others the Library of Congress